दर्द की हँसी / (Record no. 36688)
[ view plain ]
| 000 -LEADER | |
|---|---|
| fixed length control field | 01084nam a22002657a 4500 |
| 005 - DATE AND TIME OF LATEST TRANSACTION | |
| control field | 20190212111238.0 |
| 008 - FIXED-LENGTH DATA ELEMENTS--GENERAL INFORMATION | |
| fixed length control field | 100610t xxu||||| |||| 00| 0 hin d |
| 010 ## - LCCN (DPL NO) | |
| LC control number | HIN-89544 |
| 020 ## - INTERNATIONAL STANDARD BOOK NUMBER | |
| Terms of availability | 200.00 |
| International Standard Book Number | 8173155232 |
| 035 ## - SYSTEM CONTROL NUMBER | |
| System control number | HN-61890, B-188641 |
| 035 ## - SYSTEM CONTROL NUMBER | |
| System control number | B-188652 |
| 037 ## - SOURCE OF ACQUISITION | |
| Source of stock number/acquisition | DBAD / PUB |
| 040 ## - CATALOGING SOURCE | |
| Original cataloging agency | DPL |
| Language of cataloging | HN |
| 082 ## - DEWEY DECIMAL CLASSIFICATION NUMBER | |
| Classification number | क |
| 100 ## - MAIN ENTRY--PERSONAL NAME | |
| Personal name | मिश्र, रामदरश |
| 9 (RLIN) | 18340 |
| 245 ## - TITLE STATEMENT | |
| Title | दर्द की हँसी / |
| Statement of responsibility, etc | रामदरश मिश्र; स्मिता मिश्र द्वारा संपादित |
| 246 ## - VARYING FORM OF TITLE | |
| Title proper/short title | Dard kee hansee/ |
| Remainder of title | by Ramdarash Mishr; ed. by Smita Mishr |
| 260 ## - PUBLICATION, DISTRIBUTION, ETC. (IMPRINT) | |
| Place of publication, distribution, etc | नई दिल्ली |
| Name of publisher, distributor, etc | प्रभात प्रकाशन |
| Date of publication, distribution, etc | 2010 |
| 270 ## - ADDRESS | |
| Address | 4/19, आसफ अली रोड |
| City | नई दिल्ली |
| Postal code | 110002 |
| 300 ## - PHYSICAL DESCRIPTION | |
| Extent | 208पृ |
| Dimensions | 22सेमी (सजिल्द) |
| 650 ## - SUBJECT ADDED ENTRY--TOPICAL TERM | |
| Topical term or geographic name as entry element | लघु कथाएँ, हिन्दी |
| 9 (RLIN) | 1169 |
| 650 ## - SUBJECT ADDED ENTRY--TOPICAL TERM | |
| Topical term or geographic name as entry element | Short stories, hindi |
| 9 (RLIN) | 18341 |
| 700 ## - ADDED ENTRY--PERSONAL NAME | |
| Personal name | मिश्र, स्मिता |
| 9 (RLIN) | 18342 |
| 942 ## - ADDED ENTRY ELEMENTS (KOHA) | |
| Source of classification or shelving scheme | Dewey Decimal Classification |
| Item type | Hindi Books |
| Call number suffix | मिश्ररा |
| Withdrawn status | Lost status | Source of classification or shelving scheme | Damaged status | Not for loan | Collection code | Home library | Current library | Date acquired | Source of acquisition | Cost, normal purchase price | Total Checkouts | Full call number | Barcode | Date last seen | Copy number | Cost, replacement price | Koha item type | Total Renewals |
|---|---|---|---|---|---|---|---|---|---|---|---|---|---|---|---|---|---|---|
| Dewey Decimal Classification | Not For Loan | Non-fiction | D.B.Act.Division | D.B.Act.Division | 10/06/2010 | DBAD / PUB | 200.00 | मिश्ररा | HN-61890 | 10/06/2010 | 1 | 200.00 | Hindi Books | |||||
| Dewey Decimal Classification | Non-fiction | R.C.Libraries (zls) | R.C.Libraries (zls) | 03/11/2018 | 200.00 | 4 | 820-मिश्ररा | B-188652 | 09/08/2024 | 200.00 | Hindi Books | 1 | ||||||
| Dewey Decimal Classification | Non-fiction | Shahdara Branch | Shahdara Branch | 12/02/2019 | BPPD/PUB | 200.00 | मिश्ररा | B-188641 | 12/02/2019 | 200.00 | Hindi Books |
